Biggest Countries in Europe by Area - Sudden Death - Statistics

General Stats
  • This quiz has been taken 171 times
  • The average score is 11 of 15
Answers on the Grid
Answers color-coded by a green-red scale on the quiz's grid according to % correct below.
Latvia
Russia
Ukraine
Lithuania
Greece
Belarus
Ireland
United Kingdom
Romania
Poland
Italy
France
Serbia
Czechia
Spain
Sweden
Austria
Finland
Portugal
Germany
Hungary
Bulgaria
Norway
Iceland
 
Answer Stats
Answer % Correct
Russia
97%
Germany
96%
France
95%
Ukraine
93%
Spain
90%
Poland
88%
Sweden
83%
Romania
80%
United Kingdom
77%
Finland
76%
Italy
75%
Norway
72%
Belarus
66%
Bulgaria
30%
Greece
23%
No matching quizzes found
Score Distribution
Percent of People with Each Score
Percentile by Number Answered
Your Score History
You have not taken this quiz